[Event "Winnipeg TNT April op"]
[Site "Winnipeg CAN"]
[Date "2007.04.17"]
[Round "3"]
[White "Repa, Jason"]
[Black "Lauritson, Jim"]
[Result "1/2-1/2"]
[WhiteElo "2024"]
[BlackElo "1916"]
[PlyCount "43"]
[GameId "2160767910701481"]
[EventDate "2007.04.03"]
[EventType "swiss"]
[EventRounds "4"]
[EventCountry "CAN"]
[SourceTitle "EXT 2019"]
[Source "ChessBase"]
[SourceDate "2018.10.10"]
[SourceVersion "1"]
[SourceVersionDate "2018.10.10"]
[SourceQuality "1"]

1. f4 d5 2. Nf3 Bg4 3. e3 Nd7 4. Be2 Ngf6 5. Ne5 Bxe2 6. Qxe2 e6 7. O-O Bd6 8. Nxd7 Qxd7 9. b3 O-O 10. Bb2 Qe7 11. Nc3 c6 12. Qf3 e5 13. Ne2 e4 14. Qf2 c5 15. Qh4 Nd7 16. Qh5 f5 17. h3 Qf7 18. Qh4 Be7 19. Qe1 Qh5 20. Nc3 Nf6 21. Qe2 Qxe2 22. Nxe2 1/2-1/2

[Event "Winnipeg TNT April op"]
[Site "Winnipeg CAN"]
[Date "2007.04.17"]
[Round "3"]
[White "Schulz, Waldemar"]
[Black "Van Wyk, Joseph"]
[Result "0-1"]
[WhiteElo "2073"]
[BlackElo "1920"]
[PlyCount "76"]
[GameId "2160767910701483"]
[EventDate "2007.04.03"]
[EventType "swiss"]
[EventRounds "4"]
[EventCountry "CAN"]
[SourceTitle "EXT 2019"]
[Source "ChessBase"]
[SourceDate "2018.10.10"]
[SourceVersion "1"]
[SourceVersionDate "2018.10.10"]
[SourceQuality "1"]

1. Nf3 d5 2. g3 c5 3. Bg2 Nc6 4. d4 Nf6 5. O-O e6 6. c4 Be7 7. Bg5 h6 8. cxd5 exd5 9. Be3 cxd4 10. Nxd4 O-O 11. Nc3 Re8 12. Qb3 Na5 13. Qb5 a6 14. Qd3 b5 15. a3 Bb7 16. Rad1 Nc4 17. Bc1 Ne5 18. Qf5 Bc5 19. Nb3 Bb6 20. Ne4 Neg4 21. Nxf6+ Nxf6 22. Qd3 Qe7 23. Rfe1 Rad8 24. Bf3 Ne4 25. Be3 Bxe3 26. Qxe3 b4 27. Nd4 a5 28. Rc1 Rc8 29. Bg4 Rc4 30. Red1 Qf6 31. Bd7 Re7 32. Bb5 Nc3 33. Qxe7 Qxe7 34. bxc3 Rxc3 35. axb4 Qxb4 36. Rb1 Qc5 37. e3 Qc8 38. Kf1 Ba6 0-1

[Event "Winnipeg TNT April op"]
[Site "Winnipeg CAN"]
[Date "2007.04.17"]
[Round "3"]
[White "Wierda, John"]
[Black "Goodman, Clifford"]
[Result "1/2-1/2"]
[WhiteElo "1718"]
[BlackElo "1508"]
[PlyCount "68"]
[GameId "2160767910701484"]
[EventDate "2007.04.03"]
[EventType "swiss"]
[EventRounds "4"]
[EventCountry "CAN"]
[SourceTitle "EXT 2019"]
[Source "ChessBase"]
[SourceDate "2018.10.10"]
[SourceVersion "1"]
[SourceVersionDate "2018.10.10"]
[SourceQuality "1"]

1. e4 c6 2. d4 d5 3. Nc3 dxe4 4. Nxe4 Bf5 5. Ng3 Bg6 6. Nf3 e6 7. c3 Bd6 8. Be2 Nf6 9. Bg5 Nbd7 10. c4 Bb4+ 11. Bd2 Qa5 12. a3 Bxd2+ 13. Qxd2 Qxd2+ 14. Nxd2 e5 15. dxe5 Nxe5 16. O-O O-O-O 17. Nf3 Nxf3+ 18. Bxf3 Rd2 19. b4 Rc2 20. Rfc1 Rb2 21. h4 h6 22. Re1 Rd8 23. Re7 Rd7 24. Rxd7 Kxd7 25. h5 Rb1+ 26. Rxb1 Bxb1 27. Kf1 Ba2 28. Be2 Bb1 29. Ke1 Ke6 30. Kd2 Ne4+ 31. Nxe4 Bxe4 32. f3 Bh7 33. Ke3 b6 34. f4 f6 1/2-1/2

[Event "Winnipeg TNT April op"]
[Site "Winnipeg CAN"]
[Date "2007.04.24"]
[Round "4"]
[White "Booth, Kevin"]
[Black "Ranville, Marc"]
[Result "1-0"]
[WhiteElo "1642"]
[BlackElo "1520"]
[PlyCount "95"]
[GameId "2160767910701485"]
[EventDate "2007.04.03"]
[EventType "swiss"]
[EventRounds "4"]
[EventCountry "CAN"]
[SourceTitle "EXT 2019"]
[Source "ChessBase"]
[SourceDate "2018.10.10"]
[SourceVersion "1"]
[SourceVersionDate "2018.10.10"]
[SourceQuality "1"]

1. d4 d5 2. c4 e6 3. cxd5 exd5 4. Nc3 Nf6 5. Bf4 c6 6. e3 Nbd7 7. Bd3 Qa5 8. Nge2 Be7 9. O-O Nh5 10. h3 Nxf4 11. Nxf4 Nf6 12. Qf3 Qc7 13. Qg3 O-O 14. Rac1 Bd6 15. Nce2 Ne4 16. Bxe4 dxe4 17. Qg5 Qe7 18. Qxe7 Bxe7 19. Nc3 g5 20. Nfe2 f5 21. d5 Bd7 22. dxc6 Bxc6 23. Nd4 Rf6 24. Nce2 Rd8 25. Nxc6 bxc6 26. Nd4 c5 27. Nb3 Rc6 28. Rc2 Rd5 29. Rfc1 Bd6 30. Nd4 Rb6 31. Ne6 h6 32. Nxc5 Rc6 33. b4 a5 34. a3 axb4 35. axb4 Rb6 36. Nd7 Bh2+ 37. Kxh2 Rxd7 38. Rc5 Rf7 39. b5 Kg7 40. g3 f4 41. Re5 fxe3 42. fxe3 Rd6 43. Rc2 Rf1 44. Rxe4 Rdd1 45. Rb4 Rg1 46. b6 Rdf1 47. g4 Rh1+ 48. Kg3 1-0

[Event "Winnipeg TNT April op"]
[Site "Winnipeg CAN"]
[Date "2007.04.24"]
[Round "4"]
[White "Goodman, Clifford"]
[Black "Green, Jim"]
[Result "1-0"]
[WhiteElo "1508"]
[BlackElo "1757"]
[PlyCount "45"]
[GameId "2160767910701486"]
[EventDate "2007.04.03"]
[EventType "swiss"]
[EventRounds "4"]
[EventCountry "CAN"]
[SourceTitle "EXT 2019"]
[Source "ChessBase"]
[SourceDate "2018.10.10"]
[SourceVersion "1"]
[SourceVersionDate "2018.10.10"]
[SourceQuality "1"]

1. f4 d6 2. e4 g6 3. Nf3 c5 4. d4 Nd7 5. Bb5 Bg7 6. O-O cxd4 7. Nxd4 a6 8. Bxd7+ Bxd7 9. Be3 e6 10. Nc3 Ne7 11. Qe1 O-O 12. Kh1 Nc6 13. Nxc6 Bxc6 14. f5 exf5 15. exf5 b5 16. Qg3 b4 17. Bg5 Qb6 18. f6 Bh8 19. Ne2 Rfe8 20. Nf4 Re3 21. Qf2 Qa7 22. Nxg6 hxg6 23. Bxe3 1-0

[Event "Winnipeg TNT April op"]
[Site "Winnipeg CAN"]
[Date "2007.04.24"]
[Round "4"]
[White "Lauritson, Jim"]
[Black "Kwiatek, Jordan"]
[Result "1-0"]
[WhiteElo "1916"]
[BlackElo "1988"]
[PlyCount "91"]
[GameId "2160767910701487"]
[EventDate "2007.04.03"]
[EventType "swiss"]
[EventRounds "4"]
[EventCountry "CAN"]
[SourceTitle "EXT 2019"]
[Source "ChessBase"]
[SourceDate "2018.10.10"]
[SourceVersion "1"]
[SourceVersionDate "2018.10.10"]
[SourceQuality "1"]

1. d4 Nf6 2. c4 g6 3. Nc3 Bg7 4. e4 d6 5. Nf3 O-O 6. Be2 e5 7. d5 Nbd7 8. Bg5 h6 9. Bh4 a5 10. Nd2 Nc5 11. b3 Bd7 12. a3 g5 13. Bg3 Nh7 14. O-O f5 15. f3 f4 16. Bf2 h5 17. b4 axb4 18. axb4 Rxa1 19. Qxa1 Na6 20. Rb1 g4 21. c5 g3 22. hxg3 fxg3 23. Be3 Qh4 24. Nf1 Ng5 25. Bxg5 Qxg5 26. c6 Nxb4 27. Rxb4 bxc6 28. dxc6 Bc8 29. Nd5 h4 30. Qe1 Bh6 31. Nxc7 Kh7 32. Nd5 Rg8 33. Rb8 Qg7 34. c7 h3 35. gxh3 g2 36. Nh2 Qxc7 37. Nf6+ Kh8 38. Nxg8 Be3+ 39. Kxg2 Qxb8 40. Ne7 Be6 41. Ng4 Bg5 42. Nd5 Qd8 43. Qb4 Kg7 44. Qb6 Qf8 45. Qc7+ Kg6 46. Bb5 1-0

[Event "Winnipeg TNT April op"]
[Site "Winnipeg CAN"]
[Date "2007.04.24"]
[Round "4"]
[White "Lipic, Stephen"]
[Black "Clark, Jeff"]
[Result "0-1"]
[WhiteElo "1616"]
[BlackElo "1846"]
[PlyCount "81"]
[GameId "2160767910701488"]
[EventDate "2007.04.03"]
[EventType "swiss"]
[EventRounds "4"]
[EventCountry "CAN"]
[SourceTitle "EXT 2019"]
[Source "ChessBase"]
[SourceDate "2018.10.10"]
[SourceVersion "1"]
[SourceVersionDate "2018.10.10"]
[SourceQuality "1"]

1. f4 d5 2. Nf3 c5 3. e3 Bg4 4. h3 Bxf3 5. Qxf3 e6 6. c4 Nf6 7. g4 h6 8. Bg2 Nc6 9. Nc3 d4 10. Ne4 Nxe4 11. Qxe4 Qh4+ 12. Ke2 Rd8 13. Re1 Be7 14. a3 Bf6 15. Rb1 O-O 16. b4 dxe3 17. dxe3 Bc3 18. Rf1 cxb4 19. axb4 Bxb4 20. c5 a5 21. Qc4 Rd7 22. Qc2 Rfd8 23. Kf3 Rd3 24. Qf2 Qxf2+ 25. Rxf2 Rc3 26. Bd2 Rxc5 27. Bxb4 Nxb4 28. Kg3 b6 29. h4 Rc3 30. Re2 Rdd3 31. Rbe1 b5 32. Be4 Rd6 33. Ra1 Ra6 34. Kf3 Kf8 35. Rb2 Rc4 36. f5 Ke7 37. g5 exf5 38. Bxf5 Rxh4 39. gxh6 Rhxh6 40. Rxb4 axb4 41. Rb1 0-1

[Event "Winnipeg TNT April op"]
[Site "Winnipeg CAN"]
[Date "2007.04.24"]
[Round "4"]
[White "Liu, Weixi"]
[Black "Pottinger, Carl"]
[Result "0-1"]
[WhiteElo "1515"]
[BlackElo "1806"]
[PlyCount "80"]
[GameId "2160767910701489"]
[EventDate "2007.04.03"]
[EventType "swiss"]
[EventRounds "4"]
[EventCountry "CAN"]
[SourceTitle "EXT 2019"]
[Source "ChessBase"]
[SourceDate "2018.10.10"]
[SourceVersion "1"]
[SourceVersionDate "2018.10.10"]
[SourceQuality "1"]

1. d4 Nf6 2. c4 e6 3. Nf3 d5 4. Nc3 c6 5. Bg5 dxc4 6. e3 b5 7. Be2 Bb7 8. O-O a6 9. a4 Be7 10. Qc2 O-O 11. Ne5 Nbd7 12. f4 Nb6 13. Rf3 Nbd5 14. Raf1 Nxc3 15. bxc3 c5 16. Bxf6 Bxf6 17. Rh3 g6 18. Rb1 Bxe5 19. fxe5 cxd4 20. exd4 Bc6 21. Rf1 f5 22. exf6 Rxf6 23. Re1 Bd5 24. Bg4 Qb6 25. Rb1 Qc6 26. Re3 Raf8 27. Bh3 bxa4 28. Ra1 Kg7 29. Ree1 Rb8 30. Rxa4 Rb3 31. Rb4 a5 32. Rxb3 cxb3 33. Qb2 a4 34. Ra1 Qc4 35. Qa3 Qxc3 36. Qxa4 Qe3+ 37. Kh1 b2 38. Rb1 Qc1+ 39. Qd1 Qxd1+ 40. Rxd1 Be4 0-1

[Event "Winnipeg TNT April op"]
[Site "Winnipeg CAN"]
[Date "2007.04.24"]
[Round "4"]
[White "Oberton, Daniel"]
[Black "Mundwiler, Les"]
[Result "1/2-1/2"]
[WhiteElo "2009"]
[BlackElo "1972"]
[PlyCount "88"]
[GameId "2160767910701490"]
[EventDate "2007.04.03"]
[EventType "swiss"]
[EventRounds "4"]
[EventCountry "CAN"]
[SourceTitle "EXT 2019"]
[Source "ChessBase"]
[SourceDate "2018.10.10"]
[SourceVersion "1"]
[SourceVersionDate "2018.10.10"]
[SourceQuality "1"]

1. e4 e5 2. f4 exf4 3. Nf3 Ne7 4. d4 d5 5. e5 Ng6 6. Bd3 Be7 7. O-O O-O 8. Nc3 c5 9. dxc5 Bxc5+ 10. Kh1 Nc6 11. Bxg6 fxg6 12. Qxd5+ Qxd5 13. Nxd5 Bg4 14. Bxf4 Rad8 15. c4 h6 16. Rae1 Be6 17. Rd1 g5 18. Bg3 g4 19. Nd2 Bxd5 20. cxd5 Rxd5 21. Nc4 Rxf1+ 22. Rxf1 b5 23. Nd6 a6 24. Re1 Bb4 25. Rc1 Nxe5 26. Ne4 Rd4 27. Nf2 Nd3 28. Nxd3 Rxd3 29. Kg1 Bd6 30. Bxd6 Rxd6 31. Rc2 Rf6 32. g3 Kh7 33. Kg2 Kg6 34. Re2 Kg5 35. Re5+ Rf5 36. Re7 g6 37. Re6 a5 38. Re8 h5 39. Re6 Rd5 40. Re2 Rd4 41. Re5+ Kf6 42. Rxb5 a4 43. Kf2 Rd2+ 44. Kf1 Rd1+ 1/2-1/2

[Event "Winnipeg TNT April op"]
[Site "Winnipeg CAN"]
[Date "2007.04.24"]
[Round "4"]
[White "Podmoroff, Yuri"]
[Black "Cleto, Sam"]
[Result "0-1"]
[WhiteElo "1563"]
[BlackElo "1959"]
[PlyCount "66"]
[GameId "2160767910701491"]
[EventDate "2007.04.03"]
[EventType "swiss"]
[EventRounds "4"]
[EventCountry "CAN"]
[SourceTitle "EXT 2019"]
[Source "ChessBase"]
[SourceDate "2018.10.10"]
[SourceVersion "1"]
[SourceVersionDate "2018.10.10"]
[SourceQuality "1"]

1. e4 c5 2. Nf3 d6 3. d4 cxd4 4. Nxd4 Nf6 5. Nc3 a6 6. Bg5 e6 7. f4 Nbd7 8. Qf3 Qb6 9. O-O-O Be7 10. Be2 O-O 11. Qg3 Nc5 12. Bh6 Ne8 13. f5 Kh8 14. Be3 Bf6 15. Qf2 Bd7 16. Bc4 Nc7 17. g4 Nb5 18. g5 Bxd4 19. Bxd4 Nxc3 20. Bxc3 Nb3+ 21. axb3 Qxf2 22. Rxd6 Qf4+ 23. Rd2 Bb5 24. Kb1 Bxc4 25. bxc4 Qxe4 26. g6 Qxh1+ 27. Ka2 exf5 28. gxh7 f4 29. Bb4 Rfe8 30. Rf2 Qc6 31. b3 a5 32. Ba3 a4 33. h4 axb3+ 0-1

[Event "Winnipeg TNT April op"]
[Site "Winnipeg CAN"]
[Date "2007.04.24"]
[Round "4"]
[White "Silva, T Romero"]
[Black "Essery, Richard"]
[Result "1-0"]
[WhiteElo "1887"]
[BlackElo "1684"]
[PlyCount "43"]
[GameId "2160767910701493"]
[EventDate "2007.04.03"]
[EventType "swiss"]
[EventRounds "4"]
[EventCountry "CAN"]
[SourceTitle "EXT 2019"]
[Source "ChessBase"]
[SourceDate "2018.10.10"]
[SourceVersion "1"]
[SourceVersionDate "2018.10.10"]
[SourceQuality "1"]

1. e4 d5 2. exd5 Qxd5 3. d4 Nf6 4. Nf3 Bf5 5. Bd3 Bg4 6. h3 Qh5 7. Be2 Bxf3 8. Bxf3 Qg6 9. Bxb7 e6 10. O-O Be7 11. Qd3 Qh5 12. Nc3 c6 13. Bxa8 Bd6 14. Ne4 Nxe4 15. Qxe4 Kd7 16. Bf4 Qh4 17. g3 Qxh3 18. Bxd6 Kxd6 19. b4 f5 20. Qh4 Qxh4 21. gxh4 Kc7 22. b5 1-0

[Event "Winnipeg TNT April op"]
[Site "Winnipeg CAN"]
[Date "2007.04.24"]
[Round "4"]
[White "Wierda, John"]
[Black "Green, Aaron"]
[Result "1-0"]
[WhiteElo "1718"]
[BlackElo "1459"]
[PlyCount "35"]
[GameId "2160767910701495"]
[EventDate "2007.04.03"]
[EventType "swiss"]
[EventRounds "4"]
[EventCountry "CAN"]
[SourceTitle "EXT 2019"]
[Source "ChessBase"]
[SourceDate "2018.10.10"]
[SourceVersion "1"]
[SourceVersionDate "2018.10.10"]
[SourceQuality "1"]

1. e4 c5 2. c3 d6 3. d4 cxd4 4. cxd4 Nf6 5. Nc3 a6 6. Nf3 b5 7. Bg5 Nbd7 8. a3 h6 9. Bf4 Bb7 10. Bd3 e6 11. O-O Be7 12. h3 O-O 13. Qd2 Ne8 14. Rfe1 Rc8 15. Re3 Qb6 16. e5 Bxf3 17. Rxf3 Qxd4 18. Bh7+ 1-0

[Event "Winnipeg TNT Aug op"]
[Site "Winnipeg CAN"]
[Date "2007.08.07"]
[Round "1"]
[White "Huynh, Peter"]
[Black "Khedkar, Jay S"]
[Result "0-1"]
[WhiteElo "1516"]
[BlackElo "1975"]
[PlyCount "70"]
[GameId "2160767910579867"]
[EventDate "2007.08.07"]
[EventType "swiss"]
[EventRounds "4"]
[EventCountry "CAN"]
[SourceTitle "EXT 2019"]
[Source "ChessBase"]
[SourceDate "2018.10.10"]
[SourceVersion "1"]
[SourceVersionDate "2018.10.10"]
[SourceQuality "1"]

1. c4 e6 2. Nc3 d5 3. cxd5 exd5 4. d4 Nf6 5. Nf3 Be7 6. g3 O-O 7. Bg2 c6 8. O-O Nbd7 9. Bg5 h6 10. Bxf6 Nxf6 11. e3 Bf5 12. h3 Bd6 13. Re1 Re8 14. Nd2 Bb4 15. a3 Ba5 16. b4 Bb6 17. Na4 Qd7 18. g4 Bg6 19. Nc5 Bxc5 20. bxc5 Re7 21. Qa4 a6 22. Ra2 h5 23. g5 Ne4 24. Nxe4 Bxe4 25. Bxe4 Rxe4 26. Kg2 Qe7 27. Kh2 Qxg5 28. Rb2 Qf5 29. f4 Rxe3 30. Rxe3 Qxf4+ 31. Rg3 h4 32. Rbg2 Re8 33. Qb3 Re4 34. Qxb7 hxg3+ 35. Kh1 Re1+ 0-1

[Event "Winnipeg TNT Aug op"]
[Site "Winnipeg CAN"]
[Date "2007.08.07"]
[Round "1"]
[White "Kwiatek, Jordan"]
[Black "Babb, Jeff"]
[Result "0-1"]
[WhiteElo "1858"]
[BlackElo "2167"]
[PlyCount "78"]
[GameId "2160767910579868"]
[EventDate "2007.08.07"]
[EventType "swiss"]
[EventRounds "4"]
[EventCountry "CAN"]
[SourceTitle "EXT 2019"]
[Source "ChessBase"]
[SourceDate "2018.10.10"]
[SourceVersion "1"]
[SourceVersionDate "2018.10.10"]
[SourceQuality "1"]

1. d4 Nf6 2. c4 c5 3. d5 b5 4. cxb5 a6 5. f3 e6 6. e4 Bb7 7. Nc3 axb5 8. Bxb5 Na6 9. Nge2 Nb4 10. dxe6 fxe6 11. Bg5 Be7 12. a3 Nc6 13. O-O O-O 14. Qd2 Qb6 15. Bxc6 Qxc6 16. e5 Nd5 17. Bxe7 Nxe7 18. Ne4 Nd5 19. Rac1 c4 20. Qd4 Ba6 21. Rfd1 Rab8 22. Nc5 Rfc8 23. Nxa6 Qxa6 24. Nc3 Nxc3 25. Qxc3 Qb6+ 26. Qd4 Qxb2 27. Qxd7 Qxe5 28. Re1 Qc5+ 29. Kh1 Qd5 30. Qxe6+ Qxe6 31. Rxe6 c3 32. Re2 Rb3 33. Ra2 Ra8 34. a4 Rb2 35. Ra3 c2 36. h3 Rb1 37. Ra1 Rab8 38. Kh2 Rxa1 39. Rxa1 Rb1 0-1

[Event "Winnipeg TNT Aug op"]
[Site "Winnipeg CAN"]
[Date "2007.08.07"]
[Round "1"]
[White "Letain, Cory"]
[Black "Lauritson, Jim"]
[Result "0-1"]
[WhiteElo "1350"]
[BlackElo "1934"]
[PlyCount "49"]
[GameId "2160767910579869"]
[EventDate "2007.08.07"]
[EventType "swiss"]
[EventRounds "4"]
[EventCountry "CAN"]
[SourceTitle "EXT 2019"]
[Source "ChessBase"]
[SourceDate "2018.10.10"]
[SourceVersion "1"]
[SourceVersionDate "2018.10.10"]
[SourceQuality "1"]

1. e4 c5 2. Nf3 e6 3. d4 cxd4 4. Nxd4 Nc6 5. Nxc6 bxc6 6. e5 Qa5+ 7. Nc3 Qxe5+ 8. Be2 Bb4 9. Bd2 Nf6 10. O-O O-O 11. Re1 d5 12. Bd3 Qh5 13. Be2 Qh4 14. g3 Qd4 15. Bd3 Qb6 16. a3 Bd6 17. Be3 Qb8 18. Bg5 Be7 19. Bxf6 Bxf6 20. Rb1 e5 21. Bxh7+ Kxh7 22. Qh5+ Kg8 23. g4 g6 24. Qh6 Bxg4 25. Re3 0-1

[Event "Winnipeg TNT Aug op"]
[Site "Winnipeg CAN"]
[Date "2007.08.07"]
[Round "1"]
[White "Liu, Weixi"]
[Black "Schulz, Waldemar"]
[Result "1-0"]
[WhiteElo "1801"]
[BlackElo "2052"]
[PlyCount "83"]
[GameId "2160767910579870"]
[EventDate "2007.08.07"]
[EventType "swiss"]
[EventRounds "4"]
[EventCountry "CAN"]
[SourceTitle "EXT 2019"]
[Source "ChessBase"]
[SourceDate "2018.10.10"]
[SourceVersion "1"]
[SourceVersionDate "2018.10.10"]
[SourceQuality "1"]

1. d4 Nf6 2. c4 e6 3. Nf3 d5 4. Nc3 c6 5. Bg5 Nbd7 6. e3 Qa5 7. cxd5 Nxd5 8. Qb3 Bb4 9. Rc1 h6 10. Bh4 O-O 11. Be2 c5 12. O-O Nxc3 13. bxc3 Ba3 14. Rb1 cxd4 15. cxd4 Nb6 16. Ne5 Bd6 17. Nc4 Nxc4 18. Qxc4 Rb8 19. Bd3 Bd7 20. Bc2 Rfc8 21. Qd3 g6 22. Qe4 Qc7 23. Bd3 Bxh2+ 24. Kh1 Bd6 25. Bf6 Bc6 26. Qh4 Kh7 27. Bg5 Bf8 28. Bf4 e5 29. dxe5 Qa5 30. Bc4 Bxg2+ 31. Kxg2 Rxc4 32. Qf6 Qd5+ 33. Kg3 Rc6 34. Qh4 Qe6 35. Rh1 Rc4 36. Qf6 Bg7 37. Qg5 h5 38. Rb2 Rc5 39. Rhb1 Bxe5 40. Qh6+ Kg8 41. Qg5 Bxf4+ 42. Qxf4 1-0

[Event "Winnipeg TNT Aug op"]
[Site "Winnipeg CAN"]
[Date "2007.08.07"]
[Round "1"]
[White "Magnusson, Saul"]
[Black "Rutter, Blair"]
[Result "0-1"]
[WhiteElo "1049"]
[BlackElo "1877"]
[PlyCount "66"]
[GameId "2160767910579871"]
[EventDate "2007.08.07"]
[EventType "swiss"]
[EventRounds "4"]
[EventCountry "CAN"]
[SourceTitle "EXT 2019"]
[Source "ChessBase"]
[SourceDate "2018.10.10"]
[SourceVersion "1"]
[SourceVersionDate "2018.10.10"]
[SourceQuality "1"]

1. e4 e6 2. d4 d5 3. Nc3 Nf6 4. Bg5 Be7 5. e5 Nfd7 6. Bxe7 Qxe7 7. f4 a6 8. Nf3 f5 9. Be2 c5 10. O-O Nc6 11. Qe1 cxd4 12. Nb1 Nc5 13. Qd2 Ne4 14. Qd1 Qc5 15. Bd3 Nb4 16. Bxe4 dxe4 17. Nxd4 Nxc2 18. Qxc2 Qxd4+ 19. Kh1 O-O 20. Nd2 Bd7 21. Rad1 Bc6 22. Nc4 Qc5 23. a3 Rac8 24. Rc1 Bd5 25. b3 b5 26. Ne3 Qxe3 27. Qxc8 Rxc8 28. Rxc8+ Kf7 29. Rc7+ Kg6 30. h4 h5 31. Rcc1 Qxb3 32. Rfe1 Qg3 33. Ra1 e3 0-1

[Event "Winnipeg TNT Aug op"]
[Site "Winnipeg CAN"]
[Date "2007.08.07"]
[Round "1"]
[White "Nikouline, Alexandre"]
[Black "Pottinger, Carl"]
[Result "1/2-1/2"]
[WhiteElo "2118"]
[BlackElo "1856"]
[PlyCount "108"]
[GameId "2160767910579872"]
[EventDate "2007.08.07"]
[EventType "swiss"]
[EventRounds "4"]
[EventCountry "CAN"]
[SourceTitle "EXT 2019"]
[Source "ChessBase"]
[SourceDate "2018.10.10"]
[SourceVersion "1"]
[SourceVersionDate "2018.10.10"]
[SourceQuality "1"]

1. e4 c5 2. Nf3 d6 3. d4 cxd4 4. Nxd4 Nf6 5. Nc3 g6 6. Be2 Bg7 7. O-O O-O 8. Be3 Nc6 9. Qd2 Ng4 10. Nxc6 bxc6 11. Bf4 Qb6 12. Na4 Qd4 13. Qxd4 Bxd4 14. h3 Be5 15. Bxe5 Nxe5 16. f4 Nd7 17. b4 Nb6 18. Nxb6 axb6 19. a4 Ba6 20. Kf2 Bxe2 21. Kxe2 f5 22. a5 bxa5 23. Rxa5 fxe4 24. Ke3 d5 25. Kd4 Rad8 26. Ra6 Rf6 27. Ke3 e5 28. c3 exf4+ 29. Rxf4 Rxf4 30. Kxf4 Rc8 31. Ra7 Re8 32. Ke3 g5 33. Rd7 Rc8 34. Re7 h6 35. Kd4 Rf8 36. Re6 Rc8 37. Ke5 Kg7 38. Kd6 h5 39. Kd7 Rf8 40. Re5 Kf6 41. Re6+ Kf5 42. g4+ hxg4 43. hxg4+ Kxg4 44. Kxc6 Rc8+ 45. Kxd5 Rxc3 46. Rxe4+ Kf3 47. Re1 g4 48. Rf1+ Kg2 49. Rb1 g3 50. b5 Kf2 51. b6 Rc8 52. b7 Rb8 53. Kc6 g2 54. Kc7 Rxb7+ 1/2-1/2

[Event "Winnipeg TNT Aug op"]
[Site "Winnipeg CAN"]
[Date "2007.08.07"]
[Round "1"]
[White "Raihman, Daniel"]
[Black "Gibbons, Michael"]
[Result "0-1"]
[WhiteElo "1780"]
[BlackElo "2061"]
[PlyCount "70"]
[GameId "2160767910579874"]
[EventDate "2007.08.07"]
[EventType "swiss"]
[EventRounds "4"]
[EventCountry "CAN"]
[SourceTitle "EXT 2019"]
[Source "ChessBase"]
[SourceDate "2018.10.10"]
[SourceVersion "1"]
[SourceVersionDate "2018.10.10"]
[SourceQuality "1"]

1. e4 c5 2. Nf3 Nc6 3. d4 cxd4 4. Nxd4 Nf6 5. Nc3 e5 6. Ndb5 d6 7. Nd5 Nxd5 8. exd5 Nb8 9. c3 Be7 10. Be3 a6 11. Na3 O-O 12. Nc4 Nd7 13. Bd3 f5 14. Qc2 b5 15. Nd2 f4 16. Bxh7+ Kh8 17. Bxf4 exf4 18. Nf3 Bf6 19. O-O-O Ne5 20. Nd4 Qe8 21. Be4 Bd7 22. Rhe1 Rc8 23. Nc6 Bxc6 24. dxc6 Qd8 25. Kb1 Qc7 26. Qe2 g6 27. Qd2 Nxc6 28. Qxd6 b4 29. Qxc7 Rxc7 30. Rd6 Ne5 31. cxb4 Nc4 32. Rxa6 Nd2+ 33. Ka1 Nxe4 34. a4 Nxf2 35. b5 Bxb2+ 0-1

[Event "Winnipeg TNT Aug op"]
[Site "Winnipeg CAN"]
[Date "2007.08.07"]
[Round "1"]
[White "Raihman, Igal"]
[Black "Evans, Brian"]
[Result "1-0"]
[WhiteElo "1971"]
[BlackElo "1495"]
[PlyCount "75"]
[GameId "2160767910579875"]
[EventDate "2007.08.07"]
[EventType "swiss"]
[EventRounds "4"]
[EventCountry "CAN"]
[SourceTitle "EXT 2019"]
[Source "ChessBase"]
[SourceDate "2018.10.10"]
[SourceVersion "1"]
[SourceVersionDate "2018.10.10"]
[SourceQuality "1"]

1. e4 c5 2. Nf3 d6 3. d4 cxd4 4. Nxd4 Nf6 5. Nc3 e6 6. Bg5 Be7 7. f4 h6 8. Bxf6 Bxf6 9. Ndb5 Be7 10. Qf3 a6 11. Nd4 Bf6 12. O-O-O Qb6 13. Nde2 Bd7 14. Qd3 Be7 15. f5 exf5 16. exf5 Nc6 17. Nd5 Bg5+ 18. Kb1 Qd8 19. g4 O-O 20. h4 Bxh4 21. Nef4 Ne5 22. Qh3 Bg5 23. Be2 Bc6 24. Rh2 Qa5 25. f6 Bxd5 26. Nxd5 Ng6 27. Bc4 Rfe8 28. b4 Qa4 29. Bb3 Qd7 30. Nb6 Nf4 31. Nxd7 Nxh3 32. Rxh3 Rad8 33. Nb6 Bxf6 34. Nd5 Bg5 35. Rf3 Kf8 36. Rdf1 f6 37. Nc7 Re4 38. Ne6+ 1-0

[Event "Winnipeg TNT Aug op"]
[Site "Winnipeg CAN"]
[Date "2007.08.07"]
[Round "1"]
[White "Tang, Edward"]
[Black "Atem, James"]
[Result "1/2-1/2"]
[WhiteElo "2059"]
[BlackElo "1699"]
[PlyCount "72"]
[GameId "2160767910579876"]
[EventDate "2007.08.07"]
[EventType "swiss"]
[EventRounds "4"]
[EventCountry "CAN"]
[SourceTitle "EXT 2019"]
[Source "ChessBase"]
[SourceDate "2018.10.10"]
[SourceVersion "1"]
[SourceVersionDate "2018.10.10"]
[SourceQuality "1"]

1. e4 c5 2. Nf3 g6 3. d4 Bg7 4. Nc3 cxd4 5. Nxd4 d6 6. Be3 Nf6 7. f3 O-O 8. Qd2 Bd7 9. O-O-O a5 10. h4 Nh5 11. g4 Ng3 12. Rh3 Nxf1 13. Rxf1 Nc6 14. Nxc6 bxc6 15. Bh6 Be6 16. h5 a4 17. hxg6 Bxc3 18. gxh7+ Kh8 19. Qxc3+ f6 20. Bxf8 Qxf8 21. a3 c5 22. Rfh1 Qg7 23. Kb1 Rb8 24. Rh4 Bf7 25. f4 e5 26. g5 fxg5 27. Rg4 exf4 28. Qxg7+ Kxg7 29. Rxg5+ Kh8 30. Rf5 Rf8 31. Kc1 c4 32. Rxf4 c3 33. bxc3 d5 34. exd5 Re8 35. Rxf7 Re1+ 36. Kb2 Rb1+ 1/2-1/2

[Event "Winnipeg TNT Aug op"]
[Site "Winnipeg CAN"]
[Date "2007.08.07"]
[Round "1"]
[White "Van Wyk, Joseph"]
[Black "Martens, Peter"]
[Result "1-0"]
[WhiteElo "1933"]
[BlackElo "1189"]
[PlyCount "97"]
[GameId "2160767910579877"]
[EventDate "2007.08.07"]
[EventType "swiss"]
[EventRounds "4"]
[EventCountry "CAN"]
[SourceTitle "EXT 2019"]
[Source "ChessBase"]
[SourceDate "2018.10.10"]
[SourceVersion "1"]
[SourceVersionDate "2018.10.10"]
[SourceQuality "1"]

1. e4 e5 2. Nf3 Nc6 3. d4 d6 4. Bc4 Nf6 5. Ng5 Rg8 6. Bxf7+ Kd7 7. Bxg8 Nxg8 8. Qh5 Nxd4 9. Na3 h6 10. c3 Nf6 11. Qf7+ Qe7 12. cxd4 hxg5 13. Qxe7+ Bxe7 14. dxe5 Nxe4 15. exd6 Bxd6 16. O-O Bb4 17. Nc4 Ke7 18. a3 Bc5 19. b4 Bd4 20. Ra2 Kf6 21. Re1 Bf5 22. Rae2 Re8 23. Bb2 Bxb2 24. Nxb2 g4 25. f3 gxf3 26. gxf3 Nd6 27. Rxe8 Nxe8 28. Rxe8 Bd7 29. Re3 b6 30. Kf2 a5 31. bxa5 bxa5 32. Nc4 a4 33. Kg3 c5 34. Nb6 Bc6 35. Rc3 Kf5 36. Rxc5+ Bd5 37. Rxd5+ Ke6 38. Kf4 g6 39. Rg5 Kd6 40. Nxa4 Ke6 41. Nc5+ Kf6 42. a4 Kg7 43. Ke5 Kh6 44. Kf6 Kh7 45. Rxg6 Kh8 46. Ne6 Kh7 47. Ng5+ Kh8 48. Nf7+ Kh7 49. Rg7# 1-0